000 00998nam a2200313 i 4500
001 9781760763398
003 EG-ScBUE
005 20260218144740.0
008 231001s2024 nyu f b 001 0 eng d
020 _a 9781760763398
040 _aEG-ScBUE
_beng
_erda
_cEG-ScBUE
_dEG-ScBUE
082 0 4 _a747.94
_bLIL
_222
100 1 _aLi, Lauren,
_eauthor.
245 1 4 _aThe new French look /
_cLauren Li.
264 1 _aNew York :
_bThames & Hudson (Australia) Pty Ltd,
_c2024.
300 _a224 pages :
_billustrations (some color) ;
_c28 cm
336 _a text
_b txt
_2 rdacontent
337 _a unmediated
_b n
_2 rdamedia
338 _a volume
_b nc
_2 rdacarrier
504 _aIncludes bibliographical references and index.
650 7 _aInterior design.
650 7 _aFrench style
_vCase studies.
650 7 _aDecorative arts.
650 7 _aResidential interiors.
653 _cFebruary2026
_bART
655 _vReading book
942 _2ddc
_cBB
999 _c31143
_d31114